• 首页
  • 本馆介绍
  • 公告通知
  • 最新文献
  • 馆藏检索
  • 电子资源
  • 读者导购
  • 参考咨询
  • 我的图书馆
  • 登录
  • 详细信息显示
  • 放入我的书架
  • 预约/预借图书
  • 作者相关作品
  • 分类相关作品
  • 丛书相关作品
  • 出版社相关作品

书目信息

  • 表格格式
  • 工作单格式
  • 卡片格式
题名:
化学反应工程
    
 
作者: 佟泽民 主编
分册:  
出版信息: 北京   中国石化出版社  2006
页数: 331页
开本: 18cm
丛书名:
单 册:
中图分类: TQ031
科图分类:
主题词: 化学反应工程--高等学校--教材
电子资源:
ISBN: 7-80043-261-0
000 00918nam0 2200241 450
005 20061220104625.53
010    @a7-80043-261-0@dCNY20.00
100    @a20060829e2006 ekmy0chiy0120 ea
101 0  @achi
102    @aCN@b110000
105    @aak a 000yy
200 1  @a化学反应工程@AHua Xue Fan Ying Gong Cheng@f佟泽民主编@FTong Ze Min Zhu Bian
210    @a北京@c中国石化出版社@d2006
215    @a331页@c图@d18cm
300    @a石油化工大专院校统编教材
320    @a有书目
330    @a本书共分七章,包括绪论、均相反应动力学、均相反应器设计、非均相反应动力学、固定床反应器及其它反应器。书中选用了若干例题,特别是一些取材于设计实例的大型例题,对读者了解本学科处理工程问题的方法相信会有帮助。
333    @a读者对象:化工、石油化工类各专业学生。
606 0  @a化学反应工程@x高等学校@x教材
690    @aTQ031@v4
701  0 @a佟泽民@ATong Ze Min@4主编
801  0 @aCN@b中图数据@c20061220
905    @a10447@dTQ031@e102
    
    化学反应工程/佟泽民主编.-北京:中国石化出版社,2006
    331页:图;18cm
    石油化工大专院校统编教材.-使用对象:读者对象:化工、石油化工类各专业学生。
    
    ISBN 7-80043-261-0:CNY20.00
    本书共分七章,包括绪论、均相反应动力学、均相反应器设计、非均相反应动力学、固定床反应器及其它反应器。书中选用了若干例题,特别是一些取材于设计实例的大型例题,对读者了解本学科处理工程问题的方法相信会有帮助。
●
相关链接 在E读中查询图书 在五车中查询图书 在当当中查询图书 在豆瓣中查询图书


正题名:化学反应工程     索取号:TQ031/102         预约/预借

序号 登录号 条形码 馆藏地/架位号 状态 备注
1 0617972   206179721   第二样本阅览室/ [索取号:TQ031/102] 在馆    
2 0617973   206179730   第三借阅区/ [索取号:TQ031/102] 在馆    
3 0617974   206179749   第三借阅区/ [索取号:TQ031/102] 在馆    
4 0617975   206179758   第三借阅区/ [索取号:TQ031/102] 在馆    
5 0617976   206179767   第三借阅区/ [索取号:TQ031/102] 在馆    
唐山师范学院图书馆 欢迎您!
大连网信软件有限公司© 版权所有